Moons of Saturn - Statistics

General Stats
  • This quiz has been taken 1,081 times
    707 since last reset
  • The average score is 27 of 63
Answer Stats
Name Mass (x 10^15 kg) Diameter (km) % Correct
VI Titan 134518035.4 5149.46
98%
II Enceladus 108031.8 504.2
77%
V Rhea 2306485.4 1527.6
77%
I Mimas 37509.4 396.4
75%
III Tethys 617495.9 1062.2
72%
IV Dione 1095486.8 1122.8
69%
VII Hyperion 5551 270.0
68%
VIII Iapetus 1805659.1 1468.6
67%
IX Phoebe 8312.3 213.0
61%
XVIII Pan 4.30 28.2
60%
XVI Prometheus 159.7 86.2
55%
XV Atlas 5.5 30.2
54%
XI Epimetheus 525.6 116.2
53%
XVII Pandora 135.7 81.4
53%
X Janus 1893.9 179.0
52%
XIV Calypso ≈1.8 21.4
49%
XIX Ymir ≈5.6 ≈19
47%
XIII Telesto ≈3.9 24.8
46%
XII Helene 7.1 35.2
45%
XXXII Methone ≈0.004 2.9
42%
XX Paaliaq ≈14 ≈25
42%
XXXV Daphnis 0.068 7.6
41%
XXII Ijiraq ≈1.8 ≈13
41%
LIII Aegaeon ≈0.000078 0.66
40%
XXXI Narvi ≈0.27 ≈7
40%
XXXIV Polydeuces ≈0.0075 2.6
40%
XXI Tarvos ≈2.1 ≈15
40%
XXVI Albiorix ≈12 28.6
39%
LII Tarqeq ≈0.18 ≈7
39%
XLIX Anthe ≈0.0015 1.8
38%
XXXIX Bestla ≈0.27 ≈7
38%
XLI Fenrir ≈0.034 ≈4
38%
XXIV Kiviuq ≈3.6 ≈17
38%
XXXIII Pallene ≈0.023 4.44
38%
XXIX Siarnaq ≈32 39.3
38%
XXIII Suttungr ≈0.27 ≈7
37%
XXX Thrymr ≈0.38 ≈8
37%
XLIII Hati ≈0.11 ≈5
36%
XLIV Hyrrokkin ≈0.38 ≈8
36%
XXVII Skathi ≈0.38 ≈8
36%
XXXVII Bebhionn ≈0.18 ≈6
35%
XXXVIII Bergelmir ≈0.11 ≈5
35%
XL Farbauti ≈0.065 ≈5
35%
XLII Fornjot ≈0.11 ≈6
35%
LI Greip ≈0.11 ≈5
35%
XLV Kari ≈0.27 ≈6
35%
L Jarnsaxa ≈0.065 ≈6
34%
XLVI Loge ≈0.11 ≈5
34%
XXV Mundilfari ≈0.27 ≈7
34%
XLVIII Surtur ≈0.065 ≈6
34%
XXVIII Erriapus ≈0.95 ≈10
33%
LV Angrboda ≈0.034 ≈4
31%
LVII Gerd ≈0.034 ≈4
31%
XLVII Skoll ≈0.11 ≈5
31%
LXI Beli ≈0.034 ≈4
30%
LXVI Geirrod ≈0.034 ≈4
28%
LVI Skrymir ≈0.065 ≈5
28%
LXV Alvaldi ≈0.065 ≈5
27%
LIV Gridr ≈0.065 ≈5
26%
LXII Gunnlod ≈0.065 ≈5
26%
LXIII Thiazzi ≈0.034 ≈4
26%
XXXVI Aegir ≈0.065 ≈6
25%
LIX Eggther ≈0.11 ≈6
25%
No matching quizzes found
Score Distribution
Percent of People with Each Score
Percentile by Number Answered
Your Score History
You have not taken this quiz since the last reset